Zemepis 8 Slovensko : učebnica pre 8. ročník základných škôl

Bibliographic Details
Main Authors: Tolmáči, Ladislav, 1960- (Author, Photographer), Lauko, Viliam, 1951-2017 (Author, Photographer), Tolmáčiová, Terézia (Author), Nogová, Mária (Author)
Other Authors: Gurňák, Daniel, 1974- (Illustrator, Photographer), Ondoš, Slavomír (Illustrator), Plesník, Pavel (Photographer), Lacika, Ján, 1956- (Photographer), Suchodolinský, Vladimír (Photographer), Dujava, Milan (Photographer)
Format: Book
Language:Slovak
PhysicalDescription:120 s. fareb. fotogr., ilustr., mp., tab. 24 cm
Published: Bratislava OG - Vydavateľstvo Poľana 2005
ISBN:8089192173
Edition:4. vyd.
Subjects:

MARC

LEADER 00000cam a2200000 a 4500
001 vtls008768393
003 SK-MaSNL
005 20260426014755.0
008 240226s2005 xo ab c p 000 0 slo
015 |a SNBA2006/06-03472 
020 |a 8089192173  |q (brož.) 
035 |a AFDCBFC6-CB65-4C52-9675-3D011CDCE1E9 
035 |a urn:nbn:sk:snk-amkzqe 
035 |a urn:nbn:sk:snk-am008orv 
040 |a SNK  |b slo  |c SNK  |e AACR2 
041 0 |a slo 
043 |a e-xo--- 
044 |a xo  |c SK 
072 7 |a 913  |x Regionálna geografia  |2 konspekt 
080 |a (075.2)  |2 2001 
080 |a (437.6)  |2 2001 
080 |a 913(437.6)  |2 2001 
245 0 0 |a Zemepis 8  |b Slovensko : učebnica pre 8. ročník základných škôl  |c Ladislav Tolmáči ... [et al.] ; [ilustrácie Daniel Gurňák, Slavomír Ondoš ; fotografie Viliam Lauko ...[et al.] 
250 |a 4. vyd. 
260 |a Bratislava  |b OG - Vydavateľstvo Poľana  |c 2005 
300 |a 120 s.  |b fareb. fotogr., ilustr., mp., tab.  |c 24 cm 
500 |a Mapy na predsádkach 
650 0 7 |a geografia  |2 SNKPH  |9 823 
651 7 |a Slovensko  |2 SNKPH  |9 14231 
655 7 |a učebnice základných škôl  |2 SNKPH  |9 70187 
700 1 |a Tolmáči, Ladislav,  |d 1960-  |4 aut  |4 pht  |9 198528 
700 1 |a Gurňák, Daniel,  |d 1974-  |4 ill  |9 203303 
700 1 |a Ondoš, Slavomír  |4 ill  |9 312467 
700 1 |a Lauko, Viliam,  |d 1951-2017  |4 pht  |4 aut  |9 240436 
700 1 |a Tolmáčiová, Terézia  |4 aut  |9 23934 
700 1 |a Nogová, Mária  |4 aut  |9 12641 
700 1 |a Plesník, Pavel  |4 pht  |9 476583 
700 1 |a Gurňák, Daniel,  |d 1974-  |4 pht  |9 203303 
700 1 |a Lacika, Ján,  |d 1956-  |4 pht  |9 101502 
700 1 |a Suchodolinský, Vladimír  |4 pht  |9 476584 
700 1 |a Dujava, Milan  |4 pht  |9 476585 
919 |a 80-89192-17-3 
958 |a OND 
999 |c 1168085  |d 1170015 
952 |a SNK  |b SNK  |y PREZ  |7 0  |p 17A0514281  |o snkSC 124213  |i snk2006/14066  |8 0  |0 0  |1 0  |4 0  |d 2006-07-17  |f 1  |l 0  |r 2025-06-06 00:00:00  |w 2026-02-24 
952 |a SNK  |b SNK  |y VYP  |7 0  |p 17A0514280  |o snkSC 124213 D1  |i snk2006/14067  |8 0  |0 0  |1 0  |4 0  |d 2006-07-17  |l 0  |r 2026-02-24 20:54:28  |w 2026-02-24